000 01795cam a22004574i 4500
003 PE-LiUPU
005 20250731173521.0
008 150616s r 000 0 d
020 _a0882702181
035 _a(Sirsi) i9780882702186
040 _aPE-LiUPU
_bspa
_cPE-LiUPU
_erda
049 _aPRUA
082 0 4 _a248.3
_bH28
_221
100 1 _aHayford, Jack W.,
_eautor.
245 1 0 _aPrayer is Invading the Impossible.
264 1 _aNew Jersey :
_bLogos International,
_c1977.
300 _a150 páginas ;
_c20 centímetros
336 _atext
_2rdacontent
337 _aunmediated
_2rdamedia
338 _avolume
_2rdacarrier
505 0 _aInvading the Impossoble.- Anyone Can Do It, Can't They?.- A World Waiting in the Wings.- The Violence of Life.- Reprgraming the Freed.- The Primer on Prayer.- If We Don't, He Won't.- The Syndrome of Silence.- Praying with All Prayer.- The Most Prayed Prayer in the World.- The Praying that Enlarges Millions.- The Praying that Sets Boundaries.- The Praying that Contracts with God.- A Word in Conclusion.
526 _aSEG42
526 _aSEG41
526 _aSEG40
526 _aSEG39
526 _aP94
526 _aP87
526 _aP86
526 _aP85
526 _aP77
526 _aP76
526 _aP35
650 0 4 _aORACION CRISTIANA.
910 _ajck
_bjvq
_cjck
942 _2ddc
_cBOOK
949 _a248.3 H28
_wDEWEY
_c1
_i41889
_lCCODEBUL1
_mBUL
_r0
_sY
_tBOOK
_u2015-6-16
_xTEOLOGIA
_zUNKNOWN
_0COMPRA
_o.STAFF. Colección General
994 _aC0
_bPEPRU
596 _a1
999 _a248.3 H28
_wDEWEY
_c59651
_i41889
_f2021-11-11
_g5
_lCCODEBUL1
_mBUL
_r0
_sY
_tBOOK
_u2015-6-16
_xTEOLOGIA
_zUNKNOWN
_0COMPRA
_o.STAFF. Colección General
_d59651
980 _81
_gALBERTO SANCHEZ Responsable de Automatización